[Event "Toronto"]
[Site "Toronto"]
[Date "2010.04.06"]
[Round "9"]
[White "Plotkin, Victor"]
[Black "Semyonov, Vladimir"]
[Result "1-0"]
[WhiteElo "2384"]
[BlackElo "2053"]
[PlyCount "49"]
[EventDate "2010.03.23"]
[EventType "tourn"]
[EventRounds "9"]
[EventCountry "CAN"]
[SourceTitle "EXT 2022"]
[Source "ChessBase"]
[SourceDate "2021.10.06"]
[SourceVersion "1"]
[SourceVersionDate "2021.10.06"]
[SourceQuality "1"]

1. Nf3 d5 2. g3 c6 3. Bg2 Bg4 4. 0-0 Nd7 5. d4 e6 6. Nbd2 Ngf6 7. Re1 Be7 8. c3 0-0 9. Qb3 Qb6 10. e4 Qxb3 11. axb3 c5 12. exd5 Nxd5 13. Nc4 cxd4 14. Nxd4 Bc5 15. Ne3 N7f6 16. Nxg4 Nxg4 17. h3 Bxd4 18. hxg4 Bb6 19. Bxd5 exd5 20. Be3 f6 21. Bxb6 axb6 22. Rad1 Rad8 23. Re6 d4 24. cxd4 b5 25. d5 1-0

[Event "Toronto"]
[Site "Toronto"]
[Date "2010.03.09"]
[Round "3"]
[White "Semyonov, Vladimir"]
[Black "Frilles, Ruperto"]
[Result "0-1"]
[WhiteElo "2053"]
[BlackElo "2192"]
[PlyCount "78"]
[EventDate "2010.03.23"]
[EventType "tourn"]
[EventRounds "9"]
[EventCountry "CAN"]
[SourceTitle "EXT 2022"]
[Source "ChessBase"]
[SourceDate "2021.10.06"]
[SourceVersion "1"]
[SourceVersionDate "2021.10.06"]
[SourceQuality "1"]

1. e4 d6 2. d4 g6 3. Nc3 Bg7 4. Bg5 h6 5. Be3 c6 6. Qd2 b5 7. Bd3 Nf6 8. h3 Nbd7 9. Nf3 a5 10. 0-0 g5 11. e5 dxe5 12. dxe5 Nd5 13. Nxd5 cxd5 14. Bxb5 e6 15. c4 Bb7 16. c5 Ba6 17. Bxa6 Rxa6 18. Rac1 Qc8 19. Bd4 0-0 20. Rc2 Nb8 21. b3 Nc6 22. a3 Qb8 23. Rb1 Ra7 24. b4 axb4 25. axb4 Rb7 26. Rcb2 Rb5 27. Qc3 Rd8 28. g3 Rd7 29. Ne1 Nxd4 30. Qxd4 Bxe5 31. Qd2 Bxb2 32. Rxb2 Ra7 33. Nf3 Ra4 34. c6 Qd6 35. Nd4 Rb8 36. Qc2 Raxb4 37. Rxb4 Qxb4 38. c7 Rc8 39. Qc6 Qc4 0-1

[Event "Toronto Spring 03"]
[Site "Toronto"]
[Date "2008.03.14"]
[Round "1"]
[White "Semyonov, Vladimir"]
[Black "Hambleton, Aman"]
[Result "1/2-1/2"]
[WhiteElo "2160"]
[BlackElo "1852"]
[PlyCount "63"]
[EventDate "2008.03.14"]
[EventType "tourn"]
[EventRounds "7"]
[EventCountry "CAN"]
[SourceTitle "EXT 2011"]
[Source "ChessBase"]
[SourceDate "2010.11.26"]
[SourceVersion "1"]
[SourceVersionDate "2010.11.26"]
[SourceQuality "1"]

1. e4 e6 2. d4 d5 3. exd5 exd5 4. Nf3 Bd6 5. c4 c6 6. Nc3 Nf6 7. c5 Bc7 8. Bd3 0-0 9. 0-0 Bg4 10. Bg5 Nbd7 11. b4 Re8 12. Bh4 Qb8 13. Bg3 Ne4 14. Qc2 Bxf3 15. gxf3 Nxc3 16. Qxc3 Bf4 17. Rfe1 Qc7 18. Rxe8+ Rxe8 19. Re1 Rxe1+ 20. Qxe1 Nf6 21. a4 g6 22. Kg2 Nh5 23. Qe8+ Kg7 24. b5 Nxg3 25. hxg3 Bg5 26. Qa8 Bf6 27. Qxa7 cxb5 28. axb5 Bxd4 29. Qa4 Qxc5 30. Qc2 b6 31. f4 h5 32. Qe2 1/2-1/2

[Event "Canadian op"]
[Site "Kitchener"]
[Date "2006.07.22"]
[Round "8"]
[White "Panjwani, Raja"]
[Black "Semyonov, Vladimir"]
[Result "1/2-1/2"]
[WhiteElo "2222"]
[BlackElo "2089"]
[PlyCount "61"]
[EventDate "2006.07.15"]
[EventType "swiss"]
[EventRounds "9"]
[EventCountry "CAN"]
[SourceTitle "CBM 113 Extra"]
[Source "ChessBase"]
[SourceDate "2006.09.14"]
[SourceVersion "1"]
[SourceVersionDate "2006.09.14"]
[SourceQuality "1"]

1. e4 c5 2. Nf3 e6 3. Nc3 a6 4. d4 cxd4 5. Nxd4 Qc7 6. Bd3 Nf6 7. 0-0 Nc6 8. Nxc6 dxc6 9. f4 e5 10. Qf3 Bd6 11. f5 h5 12. g3 b5 13. a4 b4 14. Nd1 Bc5+ 15. Kg2 Bb7 16. a5 Ke7 17. Bg5 Rad8 18. h3 Qd7 19. Ra4 Kf8 20. b3 Qc7 21. Nb2 Bd4 22. Nc4 c5 23. Re1 Bc6 24. Ra2 Qb7 25. Nb6 Rd6 26. g4 hxg4 27. hxg4 Bc3 28. Re2 Rd4 29. Bxf6 gxf6 30. Nc4 Ke7 31. Ne3 1/2-1/2

[Event "Canadian op"]
[Site "Kitchener"]
[Date "2006.07.17"]
[Round "3"]
[White "Thavandiran, Shiyam"]
[Black "Semyonov, Vladimir"]
[Result "1-0"]
[WhiteElo "2264"]
[BlackElo "2089"]
[PlyCount "53"]
[EventDate "2006.07.15"]
[EventType "swiss"]
[EventRounds "9"]
[EventCountry "CAN"]
[SourceTitle "CBM 113 Extra"]
[Source "ChessBase"]
[SourceDate "2006.09.14"]
[SourceVersion "1"]
[SourceVersionDate "2006.09.14"]
[SourceQuality "1"]

1. e4 c5 2. Nf3 e6 3. d4 cxd4 4. Nxd4 a6 5. Bd3 Bc5 6. Nb3 Ba7 7. 0-0 d6 8. Qg4 Nf6 9. Qxg7 Rg8 10. Qh6 Rg6 11. Qh4 Rg4 12. Qh3 e5 13. Qf3 Rg6 14. h3 Ke7 15. Nc3 Qg8 16. Kh1 Be6 17. Nd5+ Nxd5 18. exd5 Rf6 19. Qe4 Bf5 20. Qh4 Bxd3 21. cxd3 Nd7 22. Bg5 Qg6 23. f4 h6 24. fxe5 hxg5 25. exf6+ Nxf6 26. Qb4 b5 27. Qc3 1-0